Konkurenceschopnost se stává stále živějším tématem
Informácia o smeroch zvyšovania českej vnútornej konkurencieschopnosti, najmä cestou zmeny administratívnej výkonnosti. Význam malých a stredných podnikov a podpora podnikania v Česku. Regulácia a harmonizácia daní. Medzinárodná spolupráca a medzinárodné programy.
Salvato in:
| Autore principale: | |
|---|---|
| Natura: | Capitolo di libro |
| Soggetti: | |
| Tags: |
Nessun Tag, puoi essere il primo ad aggiungerne!!
|
MARC
| LEADER | 00000naa a2200000 4500 | ||
|---|---|---|---|
| 001 | r046433 | ||
| 005 | 20231004105133.7 | ||
| 041 | 0 | |a CZE | |
| 044 | |a CZ | ||
| 245 | 1 | 0 | |a Konkurenceschopnost se stává stále živějším tématem |c Ladislav Říha |
| 520 | |a Informácia o smeroch zvyšovania českej vnútornej konkurencieschopnosti, najmä cestou zmeny administratívnej výkonnosti. Význam malých a stredných podnikov a podpora podnikania v Česku. Regulácia a harmonizácia daní. Medzinárodná spolupráca a medzinárodné programy. | ||
| 610 | 2 | 0 | |a konkurencieschopnosť |
| 610 | 2 | 0 | |a Európska únia |
| 610 | 2 | 0 | |a Česko |
| 610 | 2 | 0 | |a reformy štruktúrne |
| 610 | 2 | 0 | |a aproximácia práva |
| 610 | 2 | 0 | |a spolupráca hospodárska medzinárodná |
| 610 | 2 | 0 | |a regulácia hospodárska |
| 100 | 1 | |a Říha, Ladislav | |